Statistics for Languages of Pakistan

Click here to take the quiz!

General Stats

  • This quiz has been taken 69 times
  • The average score is 5 of 7

Answer Stats

Language% Correct
Urdu
95%
English
90%
Punjabi
86%
Pashto
80%
Sindhi
58%
Balochi
49%
Saraiki
25%

Score Distribution

Percentile by Number Answered

Percent of People with Each Score

Your Score History

You have not taken this quiz